| 000 | 00000cas 2200000zi 4500 |
| 001 | 9.884322 |
| 003 | CaOODSP |
| 005 | 20260427141035 |
| 006 | m o d f |
| 007 | cr ||||||||||| |
| 008 | 200205c20219999oncar p o f0###a0eng|d |
| 022 | |a2562-9646 |
| 040 | |aCaOODSP|beng|erda|cCaOODSP |
| 043 | |an-cn--- |
| 086 | 1 |aSB1-16E-PDF |
| 110 | 2 |aLibrary and Archives Canada.|eauthor, |eissuing body. |
| 222 | 0|aLAC data strategy |
| 245 | 10|aLAC data strategy. |
| 246 | 13|aLibrary and Archives Canada data strategy |
| 264 | 1|a[Ottawa] : |bLibrary and Archives Canada = Bibliothèque et archives Canada, |c[2019]- |
| 310 | |aAnnual |
| 336 | |atext|btxt|2rdacontent |
| 337 | |acomputer|bc|2rdamedia |
| 338 | |aonline resource|bcr|2rdacarrier |
| 362 | 1 |aBegan with 2019/2021. |
| 500 | |aIssued also in French under title: Stratégie de données de BAC. |
| 588 | |aDescription based on: 2022. |
| 588 | |aLatest issue consulted: 2024. |
| 610 | 20|aLibrary and Archives Canada|vPeriodicals. |
| 650 | 0|aPublic administration|zCanada|xData processing|xPlanning|vPeriodicals. |
| 650 | 0|aAdministrative agencies|zCanada|xData processing|vPeriodicals. |
| 650 | 0|aElectronic government information|zCanada|xManagement|xPlanning|vPeriodicals. |
| 655 | 7|aPeriodicals|2lcgft |
| 775 | 08|tStratégie de données de BAC.|w(CaOODSP)9.884325 |